[Event "World-ch Tournament"]
[Site "Mexico City"]
[Date "2007.09.16"]
[Round "4"]
[White "Svidler, Peter"]
[Black "Gelfand, Boris"]
[Result "1/2-1/2"]
[WhiteElo "2735"]
[BlackElo "2733"]
[Annotator "Marin,M"]
[PlyCount "48"]
[EventDate "2007.09.13"]
[EventType "tourn"]
[EventRounds "14"]
[EventCountry "MEX"]
[EventCategory "21"]
[SourceTitle "CBM 120"]
[Source "ChessBase"]
[SourceDate "2007.10.02"]
[SourceVersion "1"]
[SourceVersionDate "2007.10.02"]
[SourceQuality "1"]

1. e4 e5 2. Nf3 Nf6 3. Nxe5 d6 4. Nf3 Nxe4 5. Nc3 Nxc3 6. dxc3 Be7 7. Bf4 {
Gelfand proved already his ability to defend the positions where Black is
allowed to install his knight on e5. For a change, Svidler takes this square
under serious observation. Gelfand demostró su capacidad de defender las
posiciones en las cuales las negras instalan el caballo en e5. Para variar un
poco, Svidler toma esta casilla bajo control} O-O 8. Qd2 Nd7 9. O-O-O Nc5 10.
Be3 Re8 11. Bc4 Be6 12. Bxe6 Nxe6 13. h4 Qd7 14. Qd5 {This is a rare move, but
it can lead to transpositions to known lines.} ({Svidler had previously played
} 14. Qd3 Qa4 {This move places the queen too far from the kingside.} ({
In fact,} 14... Qc6 15. Qf5 {transposes to the game Svidler-Kramnik, played in
the 8th round.}) 15. Ng5 Nf8 16. Qd5 Bxg5 17. hxg5 {Because of the poor
defence of his kingside, Black has been forced to make significant concessions
on this wing.} Qe4 18. c4 Qxd5 19. cxd5 Nd7 20. Rd3 f6 21. Rc3 Rac8 22. Rh4 Re7
23. Rhc4 Nb6 24. Bxb6 axb6 25. gxf6 gxf6 26. a4 $14 {/+/- Svidler,P (2765)
-Bacrot,E (2717)/Morelia/Linares 2006/CBM 112 (1-0, 59). and White eventually
converted his advantage of space and better pawn structure into a win.}) 14...
Qc6 (14... Qa4 15. Ng5 (15. Kb1 $5 {[%cal Gh4h5]}) 15... Qc6 16. c4 Qxd5 17.
cxd5 Nxg5 18. hxg5 {[%csl Gh7][%cal Yh1h3,Yd1h1]} f6 19. gxf6 Bxf6 20. c4 Re4
21. b3 Rae8 $11 {Shirov,A (2715)-Motylev,A (2647)/Wijk aan Zee 2007/CBM 117 (1/
2-1/2, 41)}) 15. Qf5 Nf8 ({For} 15... Qc4 {, see Svidler-Kramnik, played in
the 8th round.}) 16. h5 (16. Nd4 {is an important alternative, inviting Black
to define his queen's position.} Qc4 (16... Qxg2 $4 17. Rdg1 $18) ({After} 
16... Qd7 {White can avoid the exchange of queens with} 17. Qf3 $14 {[%cal
Yd4f5,Yh4h5] , maintaining certain pressure.}) 17. Kb1 Bf6 18. Qf3 ({More
consequent looks} 18. h5 $5 {[%csl Gf6] , when, compared to our main game,
Black cannot offer the queen's exchange anymore.}) 18... Nd7 19. g4 Bxd4 20.
Rxd4 Qc6 21. Qxc6 bxc6 22. g5 c5 23. Rf4 Re5 24. Kc1 Nb6 25. Re1 Rae8 $11 {
Naiditsch,A (2657)-Bacrot,E (2717)/Montpellier 2006/CBM 111 ext (1/2-1/2, 47)})
16... Qd7 17. Qd5 Qe6 18. c4 {Central strategy.} ({Although} 18. Qxb7 $5 {
is not the kind of move one gladly plays in positions with opposite castles,
here it deserves serious consideration. With Black's knight far away on the
kingside, Black's counterattack is not that dangerous.} Qxa2 19. Qd5 Qa6 $5 {
looks better, for instance} (19... Qa1+ $6 {only helps White activate his
position.} 20. Kd2 Qa6 (20... Qxb2 $4 21. Rb1 Qa3 22. Ra1 Qb2 23. Rhb1 $18) 21.
Ra1 Qc8 22. Nd4 $14 {[%cal Yd4c6] The king feels safe in the centre, while the
black queenside is seriously weakened. In any endgame, White would be clearly
better.}) 20. Nd4 Rab8 21. b3 Bf6 {Now,} 22. Kb2 {[%cal Yd1a1] plans the
activation of rooks along the a-file, but the king's opposition with the enemy
bishop forces White to be careful.}) 18... Qxd5 19. cxd5 Nd7 {White retains an
advantage in space, but this element loses part of its relevance because of
the previous simplifications. Las blancas mantienen ventaja de espacio, pero
este detalle pierde parte de su importancía por las simplificaciones prévias.}
20. Nd4 Nf6 21. Nf5 (21. c4 Ng4 $36 {[%cal Ye7f6]}) 21... Bf8 22. Bd4 (22. c4
Ng4 23. Bd4 {[%cal Yf2f3]} g6 24. hxg6 fxg6 25. Ng3 {[%cal Yf2f3,Yg3e4] Due to
his better control over the centre, White has chances to maintain a tiny edge.}
) 22... Nxd5 $1 (22... Nd7 23. Rh3 $36 {[%csl Gg7]} g6 24. Rdh1 $1 $40) 23.
Bxg7 Ne7 (23... Bxg7 24. Rxd5 $14 {[%csl Gf5]}) 24. Nxe7+ Rxe7 {In the absence
of knights, Black's kingside weaknesses are not too relevant.} 1/2-1/2

[Event "EU-Cup 23rd"]
[Site "Kemer"]
[Date "2007.10.09"]
[Round "7.5"]
[White "Cheparinov, Ivan"]
[Black "Roiz, Michael"]
[Result "1-0"]
[WhiteElo "2670"]
[BlackElo "2630"]
[Annotator "Marin,M"]
[PlyCount "115"]
[EventDate "2007.10.03"]
[EventType "team-swiss"]
[EventRounds "7"]
[EventCountry "TUR"]
[SourceTitle "CBM 121"]
[Source "ChessBase"]
[SourceDate "2007.11.14"]
[SourceVersion "1"]
[SourceVersionDate "2007.11.14"]
[SourceQuality "1"]
[WhiteTeam "Merida Linex Magic"]
[BlackTeam "Saratov Economist"]
[WhiteTeamCountry "ESP"]
[BlackTeamCountry "RUS"]

1. e4 e5 2. Nf3 Nf6 3. Nxe5 d6 4. Nf3 Nxe4 5. d4 d5 6. Bd3 Nc6 7. O-O Be7 8.
Nc3 Bf5 9. Re1 Nxc3 10. bxc3 Bxd3 11. Qxd3 O-O {To a certain extent, the idea
of this variation is similar to that after the very fashionable 5.Nc3 Nxc3 6.
dxc3. White creates for himself pawn weaknesses in order to exchange the enemy
king's knight and leave the whole kingside slightly weakened. At the same time,
the remaining black knight will need a considerable amount of time to get
coordinated with the other pieces. For the moment, it is strongly restricted
by White's central pawns, but the very appetizing c4-square seems to be
waiting for it. In fact, it should be said that White's whole setup contains
an elevated dose of strategic risk. If his attack should fail to yield any
material or positional gain, the weakness of the pawn structure could prove
lethal in the endgame.} 12. Rb1 {Not a very popular, though a natural move.} (
12. c4 {would eliminate the strategic risk, but would lead to the kind of
positions White is trying to avoid, similar to the boring main lines of the
Petroff.} dxc4 (12... Re8 {allows White develop some initiative in the centre,
although Black remained well coordinated after} 13. cxd5 Qxd5 14. c4 Qd7 15.
Be3 Bf6 16. Rad1 h6 17. h3 b6 18. Qc2 Na5 19. Nh2 Rad8 {+/=/= White's
advantage (if any) is minimal, Torre,E (2520)-Speelman,J (2490)/Hastings 1980/
MCD (1/2-1/2, 39)}) 13. Qxc4 Bd6 14. a4 Re8 15. Bb2 Qd7 16. d5 $6 {Premature
activity, allowing Black obtain strong counterplay.} Nb4 17. Red1 Qf5 18. Rac1
Re4 19. Rd4 Rae8 $36 {Velimirovic,D (2520)-Mijailovic,Z (2330)/Banja Vrucica
1991/EXT 97 (0-1, 34)}) ({Up to this moment, the natural developing move} 12.
Bf4 {has been more popular at a high level, but White has not yet managed to
demonstrate anything concrete.} Bd6 (12... Na5 {is more natural, when White
should probbaly try to transpose to our main game with 13.Rab1.} 13. Re2 {
is less dangerous, because Black will have little trouble neutralising the
pressure along the e-file and retaining his strategic advantage.} Nc4 14. Rae1
Bf6 15. Qf5 c6 16. Bg5 Nd6 17. Qf4 Bxg5 18. Nxg5 h6 19. Nf3 Re8 $15 {Karjakin,
S (2591)-Bologan,V (2663)/Dortmund 2004/CBM 103 (0-1, 51)}) 13. Ng5 g6 14. Qh3
h5 15. Qg3 $5 {A logical attempt to force Black to release the tension,
instead of doing it himself.} (15. Bxd6 Qxd6 16. Qf3 Qd7 17. Re3 Rae8 18. Rae1
Rxe3 19. Qxe3 Qf5 $11 {Svidler,P (2743)-Gelfand,B (2727)/Turin 2006/CBM 113 (1/
2-1/2, 25). Without any effective pawn breaks at his disposal, White cannot
take advantage of the control of the only open file.}) 15... Qf6 ({Black does
not wish to give in, but the less ambitious} 15... Bxf4 16. Qxf4 Qd7 {[%cal
Ga8e8] seems to be just OK for him.}) 16. Bxd6 cxd6 {Now, both sides have
weaknesses in the centre and White is out of any strategic risk.} 17. Nh3 Rae8
18. Qf4 Rxe1+ 19. Rxe1 Kg7 20. Qg3 Qf5 21. Nf4 b5 22. h4 Rd8 23. Qg5 Qxg5 24.
hxg5 {Topalov,V (2801)-Bacrot,E (2717)/Morelia/Linares 2006/CBM 112 (1/2-1/2,
54). The general structure is anything but usual, but White's chances seem to
be preferable.}) 12... Na5 {The natural reaction. The knight defends the
attacked pawn and approaches the c4-square. However, the control over the
e5-square is released now, leaving White with a slight initiative. To what
extent this will be dangerous, we can only guess at this point in the game.} (
12... Rb8 $5 {was also tried in a recent game, with the aim of restricting
White's activity in the centre.} 13. Qf5 g6 14. Qh3 b5 15. Bf4 Qc8 16. Qg3 Rb7
{Black's regroupment looks a bit artificial, but how can White take advantage
of it?} 17. Ne5 $6 {This exchange solves Black's problems of coordination.} ({
White should have played a neutral useful move such as} 17. h4 $5 {eventually
followed by h5-h6.}) 17... Nxe5 18. Rxe5 c6 19. Rbe1 Bd6 20. R5e3 Bxf4 21. Qxf4
c5 $132 {Black has opened the communication between his wings now.} 22. Qh6
cxd4 23. cxd4 Qd7 24. h4 {This move comes too late. Black will manage to
simplify the position and avoid any real danger.} Rbb8 25. Qg5 Rbe8 26. h5 Rxe3
27. Rxe3 Re8 28. Rxe8+ Qxe8 29. h6 Qf8 $11 {Gashimov,V (2664)-Dominguez Perez,
L (2683)/Barcelona 2007 (1/2-1/2, 35)}) 13. Qf5 {Increasing the pressure on
Black's kingside.} ({The straightforward} 13. Rb5 {only loses time:} b6 14. Ne5
f6 15. Nf3 Bd6 16. Qf5 c6 17. Rb1 Re8 18. Bf4 {1/2-1/2 Kavalek,L (2555)
-Bisguier,A (2430)/New York 1972/MCD}) 13... Re8 14. Bf4 g6 15. Qh3 c6 {
An important moment. Black consolidates his d5-pawn, but leaves the knight
tied to the defence of the b7-pawn.} ({The main alternative was} 15... b6 {
. Suppose play continues as in the game:} 16. Ne5 Bf6 17. Ng4 Rxe1+ ({This is
the first moment when the presence of the pawn on c7 favours White. Black has
to give up the control of the e-file if he wants to keep the material equality.
} 17... Bg7 18. Rxe8+ Qxe8 19. Bxc7 {Maybe Black has some compensation in view
of the possible pressure along the c-file, but his kingside remains slightly
weak. The attempt to start counterplay with} Qe2 $6 {is easily parried with}
20. Ne3 $14 Nc4 21. Nxd5 Qxc2 22. Rf1 Qxa2 23. Qd7 $36 {[%csl Ga8]}) 18. Rxe1
Bg7 19. Nh6+ Kf8 ({In the event of} 19... Bxh6 20. Bxh6 Nc4 {White can take
advantage of the vulnerability of the d5-pawn in order to regroup quickly with}
21. Qf3 {, when the desirable ...Qh4 is not possible yet.} c6 {[%csl Gd5,Rh6]
[%cal Yd8h4] ><d5, /\...Qh4} 22. Qf4 $14 {and White's pressure is annoying.
One possible threat is h4 followed by Re8!+.}) 20. Re3 Nc4 {The knight hurries
to the defence, but it will be one tempo too slow...} 21. Nxf7 $1 (21. Rf3 Qe8
22. Be3 Nd6 23. Nxf7 Nxf7 24. Qxh7 Qe6 25. h4 $44) 21... Qc8 (21... Kxf7 $2 22.
Qe6+ Kf8 23. Rf3 $18) 22. Qxh7 Nxe3 23. Be5 Nf5 24. Ng5 {[%cal Ge5g7,Gh7h8]}
Qe8 {[%csl Rg1]} 25. g4 Bxe5 26. dxe5 Nh4 27. f4 $16) 16. Ne5 $146 ({White won
easily after} 16. Qg3 Rc8 (16... b6 $5) 17. h4 h5 (17... Qd7 $5) 18. Be5 (18.
Re6 $5) 18... Qd7 19. Qf4 Qg4 20. Qh6 {1-0 Van den Bosch,J-Barendregt,J/
Amsterdam 1954/EXT 99. Black had probably missed that after} f6 {White wins
with} 21. Ng5 $1 {In view of Black's missed possibility on the 18th move, I
wonder whether Cheparinov's novelty is really an improvement,}) 16... Bf6 17.
Re3 ({Now,} 17. Ng4 {is less effective because of} Bg7 {, without the
necessity of giving up the e-file.} 18. Nh6+ Bxh6 ({It should be said that ...
c6 is not 100% without drawbacks.} 18... Kf8 $4 {loses to} 19. Rxe8+ {when the
capture with the queen is impossible because of Bd6+, while} Kxe8 20. Re1+ Kf8
21. Nxf7 $1 $18 {is just as bad, for similar reasons: the d6-square is not
defended.}) 19. Bxh6 Qd6 20. Qf3 Nc4 {and Black can hope to simplify to a
promising ending, while White has to find ways to maintain the tension.}) 17...
Bxe5 18. dxe5 {White is just one tempo away from starting a dangerous attack
with Qh6.} Re6 $6 {And Black kindly offers him this tempo!} (18... Nc4 $5 {
was critical, when White has problems maintaining his king's rook active and
the e5-pawn defended. He can try} 19. Rxb7 $5 (19. e6 {can be parried with} Qe7
) 19... Rb8 $1 (19... Nxe3 {is risky.} 20. Rxf7 h5 $8 (20... Kxf7 21. Qxh7+ Ke6
22. Qxg6+ Kd7 23. Qd6+ Kc8 24. Qxc6+ Qc7 25. Qxa8+ Kd7 26. e6+ Ke7 27. Qxe8+ $1
$18) 21. Rf6 Nf5 22. Rxg6+ Ng7 23. Bh6 Re7 24. Qxh5 Rb8 25. h4 $44) 20. Rxb8
Qxb8 21. Re1 Nxe5 {leaves White poorly coordinated. The threat ...Nf3 forces
him to abandon the e-file.} 22. Rc1 (22. Bxe5 Rxe5 $15) 22... Qb2 $15 23. Qe3
$2 Nf3+ $1 24. Qxf3 Qxc1+ $1 $19) 19. Qh6 $36 {Finally, White has got what he
wanted: a strong attack at no cost.} Qf8 (19... Nc4 $2 20. Rh3 $18) 20. Qh4 f6
$5 (20... b5 21. Rh3 Qg7 22. Bg5 $16) 21. Bh6 Qf7 22. exf6 Rae8 (22... Qxf6 23.
Qxf6 Rxf6 24. Re7 Rf7 25. Rbe1 Rxe7 26. Rxe7 b5 27. f4 (27. f3 $16 {[%cal
Gg1c5]}) 27... Nc4 28. g4 $16 {[%cal Gf4f7,Gg1c5]}) 23. Rbe1 Nc4 24. Rxe6 Rxe6
25. Rxe6 Qxe6 26. h3 {The f6-pawn will perish soon, but White's advantage
consists of the safer position of his king.} Nd6 27. Qf4 Kf7 28. Bg5 a6 29. Bh4
Ne8 30. Qb8 Qd7 31. a4 h6 32. Bg3 Nxf6 33. a5 {Paradoxically, the queenside
structure favours White. The permanent possibility of infiltrating with the
king along the f2-b6 diagonal makes the position very dangerous for Black.} Qe7
34. Bd6 Qd7 35. f3 g5 36. Kf2 Ne8 37. Be5 Qe7 38. g4 Qc5+ 39. Bd4 Qxa5 $2 ({
Leaving the centre unattended will have fatal consequences, but} 39... Qe7 {
did not guarantee easy life either:} 40. h4 $1 Qc7 (40... gxh4 $6 41. Qf4+ {
[%csl Rh6]} Kg6 $2 42. Qf5#) 41. Qxc7+ Nxc7 42. Be3 Ne6 (42... Kf6 43. f4 gxh4
44. Kg2 Nb5 45. Kh3 Na3 46. Kxh4 Nxc2 47. Bf2 Kg6 48. f5+ Kh7 49. Kh5 Kg7 50.
Bc5 $22 Ne1 51. Bd4+ Kh7 52. g5 hxg5 53. f6 Ng2 54. f7 Nf4+ 55. Kxg5 Ng6 56.
Kf6 $18) 43. Kg3 Kg6 44. h5+ Kg7 45. f4 gxf4+ 46. Bxf4 Kh7 (46... Nxf4 $2 47.
Kxf4 Kf6 48. c4 dxc4 49. c3 c5 50. g5+ hxg5+ 51. Kg4 $18) 47. Be5 Kg8 48. Kf3
Kf7 49. Ke3 Kg8 50. c4 $1 dxc4 51. Kd2 Nc5 52. Kc3 b6 53. axb6 Na4+ 54. Kb4
Nxb6 55. Bd4 $16) 40. Qc8 (40. Qxb7+ Qc7 41. Qxa6 c5 42. Be3 Qh2+ $132) 40...
Qc7 41. Qf5+ Ke7 42. Qh7+ Kd8 43. Qxh6 $16 Qh2+ 44. Ke3 Nd6 45. Qxg5+ Kc8 46.
Kd3 Nc4 47. Qf5+ Kc7 48. Qh7+ Kc8 49. Be3 b6 50. Qf5+ Kb7 51. Qd7+ Kb8 52. Qe8+
Kb7 53. Qf7+ Ka8 54. Bf4 Nb2+ 55. Kd4 Qf2+ 56. Ke5 Nc4+ 57. Kf5 Qxc2+ 58. Kg5
1-0

[Event "Moscow Tal Memorial 1st"]
[Site "Moscow"]
[Date "2006.11.08"]
[Round "3"]
[White "Grischuk, Alexander"]
[Black "Gelfand, Boris"]
[Result "1/2-1/2"]
[WhiteElo "2710"]
[BlackElo "2733"]
[Annotator "Marin,M"]
[PlyCount "51"]
[EventDate "2006.11.06"]
[EventType "tourn"]
[EventRounds "9"]
[EventCountry "RUS"]
[EventCategory "20"]
[SourceTitle "CBM 116"]
[Source "ChessBase"]
[SourceDate "2007.02.01"]
[SourceVersion "1"]
[SourceVersionDate "2007.02.01"]
[SourceQuality "1"]

1. e4 e5 2. Nf3 Nf6 3. Nxe5 d6 4. Nf3 Nxe4 5. d4 d5 6. Bd3 Nc6 7. O-O Be7 8. c4
Nb4 9. Be2 O-O 10. Nc3 Bf5 11. a3 Nxc3 12. bxc3 Nc6 13. Re1 Re8 14. cxd5 Qxd5
15. Bf4 Rac8 16. Bd3 Qd7 17. Rb1 Bxd3 18. Qxd3 b6 19. Re3 $5 $146 {An
interesting novelty in a well known position. Instead of advancing his central
pawns immediately, White concentrates his forces on the kingside. This will
cost him a pawn, however.} (19. d5 Bf6 20. c4 {Svidler,P (2742)-Kramnik,V 
(2743)/Dortmund GER 2006/ (1/2-1/2, 39)}) 19... Bxa3 ({It would make little
sense to reject the present, as poisoned as this might seem. In case of} 19...
Bf6 {Black would not have equal rights over the e-file, because an exchange on
e3 would just improve White's struccture after fxe3 followed by the advance of
the central mass ofpawns.}) 20. Ng5 {An important element in White's plan. He
provokes important weaknesses in the enemy king's position.} g6 21. Ne4 {
This might be too straightforward.} (21. Rh3 $5 Qg4 $5 (21... h5 22. Rf3 Rcd8 (
22... Rf8 23. d5 $36) 23. Bxc7 $5 Qxc7 24. Nxf7 $36 {[%csl Gg6]} Rd6 (24... Kg7
25. Qd2 Rh8 26. Ng5 $40) (24... Qxf7 $2 25. Rxf7 Kxf7 26. Qf3+ Kg7 27. Qxc6 $18
) 25. Nxd6 Qxd6 {[%csl Gg6]} 26. Qc4+ Kh8 27. Rf7 (27. Re3 $5)) (21... Qf5 22.
Qxf5 gxf5 23. Rg3 $14 {[%cal Yg5e6,Ye6c7]}) 22. Be3 (22. Rf3 $5 {[%csl Gf7]})
22... Qf5 23. Qxf5 gxf5 24. Nxh7 ({The merits of driving back the white bishop
to e3 are revealed by the line} 24. Rg3 Bd6 $1) 24... Kg7 $13 {White's
kingside activity looks threatening, but if Black defends successfully, his
queenside pawns could become a serious threat.}) 21... Be7 22. Rbe1 Red8 23.
Qe2 Kg7 24. Qd2 h5 25. Rf3 f5 26. Ng5 ({After} 26. Ng5 Bxg5 27. Bxg5 Re8 {
Black enjoys stability on the light squares, which compensates for the
weakness of the dark squares around his king.}) 1/2-1/2

[Event "Tata Steel-A 75th"]
[Site "Wijk aan Zee"]
[Date "2013.01.17"]
[Round "5"]
[White "Anand, Viswanathan"]
[Black "Carlsen, Magnus"]
[Result "1/2-1/2"]
[WhiteElo "2772"]
[BlackElo "2861"]
[Annotator "Marin,M"]
[PlyCount "47"]
[EventDate "2013.01.12"]
[EventType "tourn"]
[EventRounds "13"]
[EventCountry "NED"]
[EventCategory "20"]
[SourceTitle "CBM 153"]
[Source "ChessBase"]
[SourceDate "2013.03.14"]
[SourceVersion "1"]
[SourceVersionDate "2013.03.14"]
[SourceQuality "1"]

1. e4 e5 2. Nf3 Nf6 3. Nxe5 d6 4. Nf3 Nxe4 5. d4 Be7 6. Bd3 Nf6 7. O-O O-O 8.
h3 (8. Nc3 {would have transposed to Karjakin,S (2780)-Wang Hao (2752)/Wijk
aan Zee 2013/CBM 153 (1-0, 42), in which a completely different line was
played: 5.Nc3.}) 8... Re8 9. Nc3 Nbd7 10. Re1 Nf8 11. d5 {Ambitious, but not
really effective as the game proves.} (11. Bf4 Ng6 12. Bh2 a6 13. a4 d5 14. Ne5
c6 15. Ne2 Ne4 16. c3 a5 $11 {Landa,K (2643)-David,A (2548)/Clermont-Ferrand
FRA 2003/ (1/2, 48)}) 11... c6 12. Bf4 Bd7 13. Bc4 Ng6 14. Bg3 Rc8 15. dxc6
Bxc6 16. Bb3 d5 17. Qd3 Qb6 18. Nxd5 Bxd5 19. Bxd5 Nxd5 20. Qxd5 Qxb2 21. Rab1
Qxc2 22. Rxb7 Red8 23. Qb3 Qxb3 24. axb3 1/2-1/2